[Event "Schleswig Holstein-ch VM cand 56th"]
[Site "Eckernfoerde"]
[Date "2001.04.??"]
[Round "4"]
[White "Kasten, Arne"]
[Black "Herholz, Holger"]
[Result "1-0"]
[WhiteElo "1941"]
[BlackElo "1937"]
[PlyCount "97"]
[EventDate "2001.04.??"]
[EventType "swiss"]
[EventRounds "9"]
[EventCountry "GER"]
[SourceTitle "EXT 2004"]
[Source "ChessBase"]
[SourceDate "2003.11.25"]
[SourceVersion "1"]
[SourceVersionDate "2003.11.25"]
[SourceQuality "1"]

1. d4 Nf6 2. c4 g6 3. Nc3 Bg7 4. e4 d6 5. Nf3 0-0 6. Be2 Nbd7 7. 0-0 c5 8. d5 Ng4 9. h3 Nge5 10. Nxe5 Nxe5 11. Be3 f5 12. f4 Nf7 13. exf5 Bxf5 14. g4 Bd7 15. Kh2 Qc8 16. Bf3 a6 17. a4 Rb8 18. Qe2 Qc7 19. Bf2 Rbe8 20. Qd2 Qc8 21. Bg2 Bh6 22. g5 Bg7 23. Rfe1 e5 24. dxe6 Bxe6 25. Nd5 Kh8 26. Rad1 Qb8 27. a5 Qc8 28. b3 Qb8 29. Re2 Bxd5 30. Rxe8 Rxe8 31. Bxd5 Nd8 32. Re1 Rxe1 33. Qxe1 Nc6 34. Kg3 h6 35. h4 h5 36. Qe6 Nb4 37. Be4 Qd8 38. Qxg6 Kg8 39. Qxh5 d5 40. cxd5 Nxd5 41. Qh7+ Kf7 42. Qf5+ Nf6 43. gxf6 Bxf6 44. Qd5+ Kg7 45. Qxd8 Bxd8 46. Bxc5 Bxa5 47. Bxb7 Kh6 48. Kg4 Bc7 49. Bxa6 1-0

[Event "Schleswig Holstein-ch VM cand 56th"]
[Site "Eckernfoerde"]
[Date "2001.04.??"]
[Round "8"]
[White "Kasten, Arne"]
[Black "Scepanik, Hans Juergen"]
[Result "0-1"]
[WhiteElo "1941"]
[BlackElo "1945"]
[PlyCount "108"]
[EventDate "2001.04.??"]
[EventType "swiss"]
[EventRounds "9"]
[EventCountry "GER"]
[SourceTitle "EXT 2004"]
[Source "ChessBase"]
[SourceDate "2003.11.25"]
[SourceVersion "1"]
[SourceVersionDate "2003.11.25"]
[SourceQuality "1"]

1. d4 Nf6 2. c4 e6 3. Nc3 Bb4 4. Qc2 c5 5. e3 Nc6 6. Nf3 b6 7. Bd2 d5 8. a3 Bxc3 9. Bxc3 Bb7 10. Be2 0-0 11. 0-0 cxd4 12. Nxd4 Rc8 13. Qb3 Ne4 14. Rfd1 Qf6 15. f3 Nxc3 16. Qxc3 Na5 17. Nb5 Qxc3 18. Nxc3 Nxc4 19. Bxc4 Rxc4 20. Rd2 Ba6 21. a4 f6 22. Kf2 Rfc8 23. Rad1 Rd8 24. g3 Kf7 25. h4 Bb7 26. Rd4 Rdc8 27. R4d3 Ke7 28. e4 Rd8 29. Ke3 a6 30. exd5 Bxd5 31. Nxd5+ Rxd5 32. b3 Rxd3+ 33. Rxd3 Rc2 34. f4 Rc1 35. Kf3 h5 36. Ke3 Rc5 37. Kf3 e5 38. fxe5 Rxe5 39. Kf4 Rc5 40. Kf3 g6 41. g4 b5 42. axb5 axb5 43. gxh5 Rxh5 44. Rd4 Rc5 45. Ke4 Ke6 46. Kd3 Rd5 47. b4 f5 48. Kc3 Rxd4 49. Kxd4 Kd6 50. Ke3 Ke5 51. Kf3 f4 52. Kf2 Ke4 53. Ke2 f3+ 54. Kf2 Kf4 0-1